Southville International School and Colleges
Your cart is empty.
  • Cart
  • Lists
    Public lists Eva Luna New books Lux_list list_1
    Your lists Log in to create your own lists
  • Log in to your account
  • Your cookies
  • Search history
Southville International School and Colleges
  • Advanced search
  • Recent comments
  • Most popular
  • Libraries

Log in to your account

Log in with GOOGLE


If you do not have an external account, but do have a local account, you can still log in:

  1. Home
  2. MARC view: Business finance:
Normal view MARC view ISBD view

Business finance: (Record no. 354637)

[ view plain ]
MARC details
000 -LEADER
fixed length control field 01051nam a22002537a 4500
003 - CONTROL NUMBER IDENTIFIER
control field SISC
005 - DATE AND TIME OF LATEST TRANSACTION
control field 20180201101843.0
008 - FIXED-LENGTH DATA ELEMENTS--GENERAL INFORMATION
fixed length control field 180201b xxu||||| |||| 00| 0 eng d
050 ## - LIBRARY OF CONGRESS CALL NUMBER
Classification number HF 5550 .C39
100 ## - MAIN ENTRY--PERSONAL NAME
Personal name Cayanan, Arthur S.
245 ## - TITLE STATEMENT
Title Business finance:
Remainder of title specialized subject academic-ABM /
Statement of responsibility, etc Arthur S. Cayanan, Arthur P. Barrido, Diogenes C. Dy, Jerelleen A. Rodriguez, Rachelleen A. Rodriguez, Al-Habbyel B. Yusoph
260 ## - PUBLICATION, DISTRIBUTION, ETC. (IMPRINT)
Place of publication, distribution, etc Quezon City:
Name of publisher, distributor, etc Commission on Higher Education,
Date of publication, distribution, etc 2016.
300 ## - PHYSICAL DESCRIPTION
Extent 325 pages;
Dimensions 28 cm.
440 ## - SERIES STATEMENT/ADDED ENTRY--TITLE
Title Teaching guide for senior high school
500 ## - GENERAL NOTE
General note This teaching guide by the Commission on Higher Education is licensed under a Creative Commons Attribution-NonCommercial-ShareAlike 4.0 International License.
650 ## - SUBJECT ADDED ENTRY--TOPICAL TERM
Source of heading or term Library of Congress Subject Headings
Topical term or geographic name as entry element Business finance
700 ## - ADDED ENTRY--PERSONAL NAME
Personal name Barrido, Arthur P.
700 ## - ADDED ENTRY--PERSONAL NAME
Personal name Dy, Diogenes C.
700 ## - ADDED ENTRY--PERSONAL NAME
Personal name Rodriguez, Jerelleen A.
700 ## - ADDED ENTRY--PERSONAL NAME
Personal name Rodriguez, Rachelleen A.
700 ## - ADDED ENTRY--PERSONAL NAME
Personal name Yusoph, Al-Habbyel B.
942 ## - ADDED ENTRY ELEMENTS (KOHA)
Source of classification or shelving scheme Library of Congress Classification
Koha item type Books
Holdings
Withdrawn status Lost status Source of classification or shelving scheme Damaged status Home library Current library Shelving location Date acquired Source of acquisition Sub Shelving location Total Checkouts Full call number Barcode Date last seen Copy number Price effective from Koha item type
    Library of Congress Classification   Luxembourg Library Luxembourg Library Teachers Reference Section 02/01/2018 Donation     HF 5550 .C39 20502 02/01/2018 1 02/01/2018 Books

Business finance:

APA

Cayanan A. S., Barrido A. P., Dy D. C., Rodriguez J. A., Rodriguez R. A. & Yusoph A. B. (2016). Business finance. Quezon City: Commission on Higher Education.

Chicago

Cayanan Arthur S, Barrido Arthur P, Dy Diogenes C, Rodriguez Jerelleen A, Rodriguez Rachelleen A and Yusoph Al-Habbyel B. 2016. Business finance. Quezon City: Commission on Higher Education.

Harvard

Cayanan A. S., Barrido A. P., Dy D. C., Rodriguez J. A., Rodriguez R. A. and Yusoph A. B. (2016). Business finance. Quezon City: Commission on Higher Education.

MLA

Cayanan Arthur S, Barrido Arthur P, Dy Diogenes C, Rodriguez Jerelleen A, Rodriguez Rachelleen A and Yusoph Al-Habbyel B. Business finance. Quezon City: Commission on Higher Education. 2016.

  • Place hold
  • Print
  • Cite
  • Add to your cart (remove)
  • Save record
    BIBTEX Dublin Core MARCXML MARC (non-Unicode/MARC-8) MARC (Unicode/UTF-8) MARC (Unicode/UTF-8, Standard) MODS (XML) RIS
  • More searches
    Search for this title in:
    Other Libraries (WorldCat) Other Databases (Google Scholar) Online Stores (Bookfinder.com) Open Library (openlibrary.org)

Exporting to Dublin Core...

SOUTHVILLE LIBRARY

Southville International School and Colleges Library

1281 Tropical Ave. Cor. Luxembourg St., BF Homes International, Las Pinas City

Tel. No. 8256374 / 252358 Loc. 117/146

Powered by Koha